Normal view
MARC view
Entry Personal Name
001 - CONTROL NUMBER
- control field: 73980
003 - CONTROL NUMBER IDENTIFIER
- control field: dpl
005 - DATE AND TIME OF LATEST TRANSACTION
- control field: 20241118120033.0
008 - FIXED-LENGTH DATA ELEMENTS
- fixed length control field: 241118|| aca||aabn | a|a d
040 ## - CATALOGING SOURCE
- Original cataloging agency: dpl
- Transcribing agency: dpl
100 ## - HEADING--PERSONAL NAME
- Personal name: S.C Bhan
670 ## - SOURCE DATA FOUND
- Source citation: Work cat.: (dpl)207002: Tayagi,Ajit 73979, climate of Delhi/, 2011
